Statistics for Countryballs quiz #4

Click here to take the quiz!

General Stats

  • This quiz has been taken 30 times
  • The average score is 6 of 6

Answer Stats

Answer% Correct
Belgium
100%
Greece
100%
Ireland
100%
Algeria
93%
Jordan
93%
Kyrgyzstan
81%

Score Distribution

Percentile by Number Answered

Percent of People with Each Score

Your Score History

You have not taken this quiz